Orfebrería y chamanismo: un estudio iconográfico del Museo del Oro

Enregistré dans:
Détails bibliographiques
Auteur principal: Reichel-Dolmatoff, Gerardo (Auteur)
Format: Livre
Langue:espagnol
Publié: Medellín Colina 1988
Sujets:
Tags: Ajouter un tag
Pas de tags, Soyez le premier à ajouter un tag!

MARC

LEADER 00000nam a2200000 a 4500
001 UCL1372
003 CL-VaPUC
008 030905e19880000CK |||||||||||||||||spa|d
020 |a 9586380130 
082 0 4 |a 708.986  |b REI  |2 21 
100 0 |a Reichel-Dolmatoff, Gerardo  |e author  |9 478330 
245 1 0 |a Orfebrería y chamanismo: un estudio iconográfico del Museo del Oro 
300 |a 174 p 
942 |c BK 
945 |d 20030905 00:00:00  |a cmena 
260 |a Medellín  |b Colina  |c 1988 
600 0 7 |a MUSEO DEL ORO  |2 CL-VaPUC  |9 478331 
650 7 |a PIEZAS DE MUSEO  |2 CL-VaPUC  |9 478332 
650 7 |a ORFEBRERIA  |2 CL-VaPUC  |9 268783 
650 0 |a Chamanismo  |9 325290 
650 0 |a Iconografía   |9 267998 
651 0 |a Colombia  |9 256424 
583 |a last modification  |c 20030905 00:00:00  |k Rodrigo Vera 
999 |c 304998  |d 304996 
952 |0 0  |1 0  |4 0  |6 708_986000000000000_REI_1988  |7 0  |8 A  |9 367897  |a BIBARQ  |b BIBARQ  |d 2019-11-21  |i 392940K  |o 708.986 REI 1988  |p 392940K  |r 2025-01-20  |w 2019-11-21  |y BK  |k ARQ 
952 |0 0  |1 0  |4 0  |6 708_986000000000000_REI_1988  |7 0  |8 A  |9 367898  |a BIBARQ  |b BIBARQ  |d 2019-11-21  |i 3929396  |o 708.986 REI 1988  |p 3929396  |r 2025-01-20  |w 2019-11-21  |y BK  |k ARQ